¡Portate bien! (Registro nro. 345)
[ vista simple ]
| 000 -Cabecera | |
|---|---|
| Campo de control de longitud fija | 00497aam a2200205 4500 |
| 005 - Fecha y hora de la última transacción | |
| Campo de control | 20231010171956.0 |
| 008 - Elementos de longitud fija--Información general | |
| Campo de control de longitud fija | 150724b xxu||||| |||| 00| 0 spa d |
| 041 ## - Idioma | |
| Código de idioma | |
| 082 ## - Clasificación Decimal Dewey | |
| Número de clasificación | 155.23 G244p |
| 245 ## - Título propiamente dicho | |
| Título | ¡Portate bien! |
| 260 ## - Pie de imprenta | |
| Lugar de publicación, distribución, etc. | Costa Rica |
| 260 ## - Pie de imprenta | |
| Nombre del editor, distribuidor, etc. | Editorama |
| 260 ## - Pie de imprenta | |
| Fecha de publicación, distribución, etc. | 2006 |
| 300 ## - Descripción física | |
| Extensión | 148 páginas |
| 650 ## - Materia general | |
| Temática (materia general) | SUPERACIÓN PERSONAL |
| 650 ## - Materia general | |
| Temática (materia general) | AUTOESTIMA |
| 650 ## - Materia general | |
| Temática (materia general) | INTERACCIÓN SOCIAL |
| 650 ## - Materia general | |
| Temática (materia general) | ADAPTACIÓN |
| 942 ## - Punto de acceso adicional KOHA | |
| Tipo de ítem KOHA | Literatura |
| Fuente del sistema de clasificación o colocación | Dewey Decimal Classification |
| Signatura completa | Código de barras | Tipo de ítem |
|---|---|---|
| 155.23 G244p | 1035 | Literatura |